|
|
|
|
| LEADER |
00000nam0a2200000 4500 |
| 001 |
161791 |
| 005 |
20231031160027.0 |
| 010 |
|
|
|a 5781514783
|
| 020 |
|
|
|a RU
|b 91-32539
|
| 035 |
|
|
|a (RuTPU)RU\TPU\book\175445
|
| 090 |
|
|
|a 161791
|
| 100 |
|
|
|a 20090613d1991 km y0rusy5003 ca
|
| 101 |
0 |
|
|a rus
|
| 102 |
|
|
|a BY
|
| 105 |
|
|
|a y z 000zy
|
| 200 |
1 |
|
|a Можно ли быть немножко беременной?
|f Л. И. Пияшева
|
| 210 |
|
|
|a Минск
|c Творч.-произв. центр "Полифакт"
|d 1991
|
| 215 |
|
|
|a 142,[2] с.
|
| 225 |
1 |
|
|a Встречная мысль
|
| 610 |
1 |
|
|a экономика
|
| 610 |
1 |
|
|a народное хозяйство
|
| 610 |
1 |
|
|a административно-командная система
|
| 610 |
1 |
|
|a СССР
|
| 610 |
1 |
|
|a экономические реформы
|
| 610 |
1 |
|
|a экономическая политика
|
| 610 |
1 |
|
|a 20 век
|
| 686 |
|
|
|a У9(2)0
|2 rubbk
|
| 700 |
|
1 |
|a Пияшева
|b Л. И.
|g Лариса Ивановна
|4 070
|
| 801 |
|
0 |
|a RU
|b RuMRKP
|c 19950417
|g psbo
|
| 801 |
|
1 |
|a RU
|b 63413507
|c 20090613
|g PSBO
|
| 801 |
|
2 |
|a RU
|b 63413507
|c 20100224
|g PSBO
|
| 942 |
|
|
|c BK
|